00658 2200229 4500001002100000005001700021008004100038035002400079040001200103082000800115090001500123100001600138245006000154250001600214260008100230300002800311500002600339650001400365700002200379850001200401990001500413YOGYA-0209000003287920090227024726.0 ind  0010-020900000032879 aYOPDYOG a311 a311bJar S aJARWANTO Ps aStatistik induktifcoleh Djarwanto Ps, Pangestu Subagyo aEd.1, cet.1 aYogyakartabBagian Penerbitan Fakultas Ekonomi Universitas Gadjah Madac1981 a... bagianbilusc21 cm aYang diterima : bag.1 aStatistik aSubagyo, Pangestu aYOPDYOG aP000023050